Escape From Moscow to Rome - Statistics

General Stats
  • This quiz has been taken 63 times
  • The average score is 8 of 9
Answer Stats
Hint Nearest Capital % Correct
San Marino Rome
98%
Stockholm Oslo
97%
Vilnius Riga
97%
Copenhagen Berlin
95%
Tallinn Helsinki
93%
Moscow Minsk
93%
Bratislava Budapest
88%
Prague Vienna
88%
Zagreb Ljubljana
78%
No matching quizzes found
Score Distribution
Percent of People with Each Score
Percentile by Number Answered
Your Score History
You have not taken this quiz